| 000 | 00664nam a2200181Ia 4500 | ||
|---|---|---|---|
| 003 | SGT | ||
| 020 | _a9788120338838 | ||
| 082 |
_a5.12 _bCHI |
||
| 100 | _aChiang, Roger, H. L | ||
| 245 | _aSystems analysis and design | ||
| 260 |
_bPHI Learning Private Limited _aNew Delhi _c2009 |
||
| 300 | _a240p. | ||
| 650 | _aCOMPUTE SCINCE | ||
| 653 | _aTECHNIQUES FOR SYSTEMS ENGINEERING AND REQUIREMENTS ELICIT ION, METHODOLOGY FOUNDATION OF SYSTEMS AND DESIGN , AGENT- ORIENTED SYSTEMS ANALYSIS AND DESIGN METHODOLOGIES NEW APPROACHES AND ARCHITECTURES FOR INFORMATION SYSTEMS DEVELOPMENT | ||
| 700 | _aHardgrave,Bill C | ||
| 700 | _aSiau, Keng, | ||
| 942 |
_2ddc _cBK |
||
| 999 |
_c5044 _d5044 |
||